Statistics for Serie A players with the most games (2000-2020)

Click here to take the quiz!

General Stats

  • This quiz has been taken 92 times
  • The average score is 19 of 50

Answer Stats

Club with most apperancesPlayerAppearancesPos% Correct
JuventusGianluigi Buffon545GK
100%
RomaFrancesco Totti473ST
97%
JuventusGiorgio Chiellini389CB
88%
Inter MilanJavier Zanetti487RB
88%
JuventusLeonardo Bonucci349CB
85%
RomaDaniele De Rossi459CM
84%
MilanAndrea Pirlo446CM
80%
UdineseAntonio Di Natale444ST
79%
Inter MilanSamir Handanovic463GK
75%
JuventusAlessandro Del Piero346ST
72%
SampdoriaFabio Quagliarella450ST
72%
FiorentinaLuca Toni344ST
69%
JuventusAndrea Barzagli377CB
67%
NapoliMarek Hamsik408CM
67%
ChievoSergio Pellissier455ST
49%
ParmaPaolo Cannavaro425CB
47%
FiorentinaAlberto Gilardino514ST
44%
RomaAntonio Cassano398ST
44%
MilanClarence Seedorf363CM
44%
FiorentinaSebastian Frey439GK
41%
VeronaGiampaolo Pazzini375ST
39%
Inter MilanDejan Stankovic339CM
33%
FiorentinaRiccardo Montolivo380CM
33%
ChievoStefano Sorrentino363GK
32%
RomaSimone Perrotta396CM
29%
LazioAntonio Candreva347RM
24%
UdineseMorgan De Sanctis416GK
23%
ChievoDario Dainelli446CB
21%
LazioGoran Pandev426ST
21%
SampdoriaAngelo Palombo370CM
20%
AtalantaAndrea Consigli350GK
19%
ParmaAlessandro Lucarelli365CF
17%
CagliariAlessandro Matri346ST
16%
SPALSergio Floccari362CF
16%
ParmaAntonio Mirante351GK
15%
Inter MilanIvan Cordoba337RB
15%
UdineseFelipe Dal Belo349CB
13%
FiorentinaManuel Pasqual355LB
13%
LazioStefano Mauri355CM
13%
FiorentinaAlessandro Gamberini392CB
12%
RomaDavid Pizarro374CM
12%
TorinoEmiliano Moretti366CB
12%
UdineseGiampiero Pinzi388CM
12%
LazioCristian Ledesma356CM
9%
PalermoCristian Zaccardo381RB
9%
SienaSimone Vergassola341CM
9%
RomaMatteo Brighi405CM
8%
AtalantaLuca Cigarini343CM
7%
ParmaMassimo Gobbi411LB
5%
CagliariDavide Biondini350CB
3%

Score Distribution

Percentile by Number Answered

Percent of People with Each Score

Your Score History

You have not taken this quiz